[Event "ISL-chT2 1718"]
[Site "Reykjavik"]
[Date "2018.03.03"]
[Round "7.4"]
[White "Sigurmundsson, Ulfhedinn"]
[Black "Halldorsson, Kristjan"]
[Result "1-0"]
[WhiteElo "1880"]
[BlackElo "1898"]
[PlyCount "45"]
[EventDate "2017.10.20"]
[EventType "team-tourn"]
[EventRounds "7"]
[EventCountry "ISL"]
[SourceTitle "EXT 2019"]
[Source "ChessBase"]
[SourceDate "2018.10.10"]
[SourceVersion "1"]
[SourceVersionDate "2018.10.10"]
[SourceQuality "1"]
[WhiteTeam "Selfoss"]
[BlackTeam "Huginn"]
[WhiteTeamCountry "ISL"]
[BlackTeamCountry "ISL"]

1. e4 c5 2. Nf3 e6 3. d4 cxd4 4. Nxd4 a6 5. Nc3 Qc7 6. Be3 Nf6 7. Bd3 b5 8. a3 Bb7 9. f4 d6 10. 0-0 Nbd7 11. Qf3 h5 12. h3 Be7 13. Rae1 Nc5 14. Bd2 h4 15. Qe3 0-0-0 16. b4 Nxd3 17. cxd3 Qd7 18. Ra1 e5 19. Nf5 exf4 20. Qb6 Kb8 21. Bxf4 g6 22. Nxe7 Qxe7 23. Bg5 1-0